| 000 | 00765cam a2200253 a 4500 | ||
|---|---|---|---|
| 001 | 11947166 | ||
| 005 | 20180222032547.0 | ||
| 008 | 000320s1998 cauab 000 0 eng d | ||
| 010 | _a 00265817 | ||
| 020 | _a1879102536 | ||
| 035 | _a(OCoLC)ocm40310969 | ||
| 040 |
_aCUY _cCUY _dAGL _dDLC |
||
| 041 | _aeng | ||
| 042 | _alccopycat | ||
| 080 | _a333.7028553 LAN | ||
| 082 | 0 | 0 |
_a333.7028553 LAN _221 |
| 100 | 1 | _a9 | |
| 101 | _aMJE | ||
| 245 | 1 | 0 |
_aManaging natural resources with GIS / _cLaura Lang. |
| 246 | 1 |
_iTitle on disc: _aArcView GIS |
|
| 906 |
_a7 _bcbc _ccopycat _d2 _encip _f19 _gy-gencatlg |
||
| 942 |
_2ddc _cBK |
||
| 999 |
_c43096 _d43096 |
||